| 000 | 00557nmm a2200169Ia 4500 | ||
|---|---|---|---|
| 008 | 251105s9999||||xx |||||||||||||||||und|| | ||
| 020 | _a9789560002808 | ||
| 041 | _aspa | ||
| 100 | _aFernández Le Saux, María Paz | ||
| 245 | 0 | _aDe empresarios a empleados. Clase media y Estado Docente en Chile, 1810-1920 | |
| 264 |
_a[Santiago de Chile, Chile] : _bLOM Ediciones, _c2011 |
||
| 300 | _a392 páginas | ||
| 490 | _aHistoria | ||
| 650 | _aHistory of the Americas: Latin America | ||
| 856 | _uhttps://public.digitaliapublishing.com/a/18264 | ||
| 942 | _cCF | ||
| 999 |
_c93489 _d93489 |
||